00652nam a2200193 4500001000700000003000900007005001700016007000300033008004100036100002400077245007300101250001200174260005000186300002200236700002700258852003200285999001900317952012200336136819ES-MaACL20230906195233.0t|070214s1968 sp r ||||1| spa d1 aSajer, Guy.910163213aEl soldado olvidado / cGuy Sajer ; [traducción de Domingo Pruna]. a1ª ed. aBarcelona [etc.] : bPlaza & Janés, c1968. a590 p. ; c22 cm.1 aPruna, Domingo.994081 aES-MaACLjC-35542 bR.68401 c136819d136819 00104070aATENEOMbATENEOMcDEPO2d2008-01-17eSCl0oC-35542p1142386r2023-02-23 00:00:00w2023-02-23yMONOGRAFIA